[Event "Washington Class (Expert 2000-2199)"]
[Site "Redmond, WA"]
[Date "2024.11.30"]
[Round "4"]
[White "Razmov, Gabriel"]
[Black "Zhang, Michelle"]
[Result "1-0"]
[Annotator "Gabriel Razmov"]
[WhiteElo "1846"]
[BlackElo "1822"]
[PlyCount "155"]
[GameId "2133668789805097"]
[EventDate "2024.11.29"]
[EventType "swiss"]
[EventRounds "6"]
[EventCountry "USA"]
[SourceVersionDate "2024.12.14"]

{[%evp 0,155,21,18,26,18,22,14,9,9,28,12,-11,-11,19,42,2,-37,36,-53,-3,-10,1,-2,12,15,26,30,19,23,54,19,29,19,50,33,34,19,13,13,6,-4,5,-47,36,26,37,-2,65,55,52,53,52,52,52,38,122,25,69,22,30,31,28,28,26,14,11,0,44,63,60,64,59,59,39,55,55,47,53,48,66,23,17,21,66,66,60,27,21,20,47,53,53,17,38,47,81,83,87,91,93,36,91,57,91,76,80,86,95,93,93,93,95,94,95,81,98,56,68,64,40,46,48,49,458,516,868,1012,1016,1016,1016,1038,1392,1934,26248,29970,29973,29972,29973,29976,29977,29978,29981,29974,29979,29982,29983,29984,29991,29992,29993,29994,29995,29996,29997,29998,29999,29999]} 1. e4 e5 2. Nf3 Nc6 3. d4 exd4 4. Nxd4 Bc5 5. Nb3 {A modern sideline that aims for a White queenside castle and central/kingside play. However, Black finds a plan to avoid this and castle queenside, turning the game into a longer, more positional battle.} Bb6 6. Nc3 Qf6 7. Qe2 Nge7 8. Bd2 d6 9. f4 Bd7 10. O-O-O O-O-O 11. g3 Qg6 $2 {Black slips here, likely judging that 12.f5 is a bad choice given that it gives away the e5-square. Unfortunately, White concurred with such an assessment and didn't find the best continuation.} (11... h5 {is a better plan to eventually pick apart White's slightly fragile kingside. Pawn breaks with ...h4 and ...g5 could be useful later on in the game.}) 12. Bg2 $2 (12. f5 {was much better, for a very concrete reason. After} Qf6 13. h4 h6 14. g4 g5 {(White calculated up to here)} 15. Kb1 {and Black's kingside pawn structure turns out to be unstable and prone to pressure. A black knight on e5 looks nice, but it wouldn't have any clear entry points into White's position.}) 12... f5 13. Rhe1 fxe4 14. Bxe4 Qf7 15. Be3 Kb8 16. Nd5 Nf5 $6 {This encourages White to exchange bishops, which they were already interested in. The black knight isn't well-placed on f5. The likely reason for Black's decision was that on e7 the knight blocks the e-file for Black's rooks and constrains Black's position somewhat.} (16... Rhe8 17. Nxb6 axb6 18. Bg1 {would leave the position roughly equal.}) 17. Bxb6 axb6 18. Qg2 (18. Qc4 {is another option that White barely considered, aiming for} Be6 19. Qc3 Nfe7 20. Nxe7 Nxe7 21. a4 {, where White's queen supports a4-a5 as well as potentially aiming at g7.}) 18... Rhe8 19. Nc3 Nfe7 20. h3 Bf5 21. Bf3 Be6 22. Kb1 d5 23. Qf2 d4 $2 {This mistake hands White a clear advantage. Perhaps Black was trying to liquidate to an endgame, though the endgame turns out to be better for White...} (23... Bxh3 {instead would lead to} 24. Nxd5 Nxd5 25. Rxe8 Qxe8 (25... Nc3+ 26. bxc3 Rxe8) 26. Rxd5 Rxd5 27. Bxd5 h5 {with very few chances left for either side, rendering this position equal.}) 24. Nxd4 Nxd4 25. Rxd4 Rxd4 26. Qxd4 Nc6 27. Qf2 g5 28. Bd5 $2 {White seems to also be interested in liquidating into a position with an f-passer, not realizing that such positions may actually not be winning for them. Black's queen and knight can slow down the passer enough such that the Black king can come and help out.} (28. Bg4 $1 {is the right exchanging move. After} gxf4 29. gxf4 Bd7 30. Rxe8+ Bxe8 31. Qe3 {White is a solid pawn up and has good winning chances.}) 28... gxf4 $2 {Once again allowing White a chance, but White miscalculates and misses it.} (28... Bxd5 29. Rxe8+ Qxe8 30. Nxd5 Qe6) 29. gxf4 $2 (29. Rxe6 $1 {A relatively obvious candidate move. However, White was concerned about} Rxe6 30. gxf4 Ne7 31. Bxe6 Qxe6 {and Black seems to have pressure on the h-pawn as well as a blockade on f5. However, looking a bit beyond the end of the forced line, White's position is quite pleasant after} 32. Qh4 {as they retain the extra pawn and have pressure of their own on Black's h-pawn.}) 29... Bxd5 30. Rxe8+ Qxe8 31. Nxd5 Qh5 {Black now regains their pawn. Despite this, White played on confidently, blitzing out the next few moves.} 32. Ne3 Qxh3 33. a3 Qe6 34. f5 Qf7 35. f6 Ne5 {A nice defensive resource. Around here White realized that a queen endgame was imminent in order to avoid the loss of the f-pawn.} 36. Qf5 Nd7 37. Ng4 h5 $6 ({Impatience!} 37... Ka7 $5 {seems at first unintuitive - going in the opposite direction to the passer. The deeper point is that White is now restrained to the defense of their f6-pawn and Ng4-Ne5 is no longer viable, contrary to lines where Black's king remains on b8.}) 38. Ne5 Nxe5 39. Qxe5 Kc8 $1 {White had foreseen up to this point from afar, but missed 39...Kc8, which stops the threat of 40.Qe7. As a result, now White would have to try grinding out an advantage in the queen endgame. Get ready for another few dozen moves of maneuvering $1} 40. Qg5 Kd7 41. Qf5+ Kd8 42. Qd3+ Ke8 43. Qe4+ Kd7 44. Qf5+ Kd8 45. Qd3+ Ke8 46. Qb5+ Kd8 47. Qf5 {Maneuvering to lose a tempo, making Black \"show their cards.\" Black can make a mistake in such a situation, and indeed they do.} h4 $2 {Impatience again, weakening the h-pawn and allowing a queen endgame up a pawn for White. However, White wasn't sure if this endgame was winning or drawn, not seeing that the Black king will end up stranded away from its queen-side pawns (as later happened). Thus, as neither side was confident enough to change the position, there follows a series of errors.} (47... c6 48. a4 Kc7) 48. Qd3+ Ke8 49. Qe4+ Kd7 50. Qf5+ $2 (50. Qxh4 {was simply best, as after} Ke6 51. Qe4+ Kxf6 52. Qxb7 {White has a healthy extra pawn and, more importantly, Black's king is on the wrong side of the board.}) 50... Kd8 $2 (50... Kd6 $1 {was the correct defense here, since after} 51. Qf4+ Ke6 52. Qxh4 Qxf6 53. Qe4+ Kd7 54. Qxb7 Qf1+ {Black has a perpetual check:} 55. Ka2 Qc4+) 51. Qg5 $2 (51. Qd3+ {The only way to win, transposing back to the position from a few moves ago.}) 51... Kd7 $2 {Allowing White one more chance to get a technically winning queen endgame.} (51... h3 $1 {was a tougher defense. White thought} 52. Qg7 Ke8 53. Qh8+ Qf8 54. Qxh3 Qxf6 55. Qc8+ {was good in that case, but missed} Qd8 $1 {from afar. After} 56. Qxb7 Qd1+ 57. Ka2 Qxc2 {this position will end in a draw.}) 52. Qg4+ Kd6 53. Qxh4 {Finally, White takes the chance.} Ke6 (53... Ke5 54. Qg5+ Ke6 55. Qf4 $16) 54. Qe4+ Kxf6 55. Qxb7 Qc4 $1 (55... Ke6 56. Qc6+ $1 Ke5 57. b3 $16) 56. Qf3+ $1 {Pushing the king away.} Ke7 57. Qe3+ $1 {Cutting the king as the d-file is poisoned due to 58.Qd3+.} Kf6 $2 {A mistake - or could it be a swindling attempt? - but White misses their chance, again due to a miscalculation.} (57... Kf8 {is objectively better but still lost after} 58. b3 $18) 58. Qc3+ $4 {A tempting but ultimately wrong idea, falling for the alleged swindle. It turns out that this particular pawn endgame is drawn. White thought that despite his doubled pawns, they could push the king to b4, exchange pawns on c5, and then win the resulting 2-vs-1 pawn endgame. However, Black has a subtle defense against this plan $1} (58. b3 $1 {is instead a winner here, as Black cannot prevent the loss of c7.} Qh4 (58... Qf1+ 59. Kb2 c5 60. Qh6+) (58... Qc6 $4 59. Qh6+) 59. Qc3+) 58... Qxc3 59. bxc3 Ke5 60. Kb2 Kd5 61. Kb3 {So far both sides have played as planned, and White seems to be making the progress they wanted. 62.Kb4 looks imminent, after which White would win. However, Black has an only, yet sufficient, defense $1} Kc5 $4 {An intuitive and active move to play, especially in time trouble. But this allows White to force the desired exchange of the c3-pawn, after which the remaining pawn ending is simple and winning. So it wasn't a swindle after all.} (61... c5 $3 {is the less intuitive and correct move. The key idea is that White simply cannot make further progress, as Black's pawns and active king stop White's king.} 62. a4 (62. Ka4 {is one attempt, but it ends the game immediately:} Kc4 $1 {and the \"weaker\" side stalemates the \"stronger\" side $1}) 62... Kd6 63. Kc4 (63. c4 Ke5 64. Kc3 Ke4 65. Kb2 Ke3 66. Ka3 Kd4 67. Kb3 Ke3) 63... Kc6) 62. c4 $1 {Now White is back on the winning track and converts confidently.} c6 63. a4 $1 {Preparing for Black's idea of pushing b6-b5, such that White's a-pawn would advance rather than remain backward on a3 (and lead to a draw).} b5 (63... Kd6 64. Kb4 $18) 64. cxb5 cxb5 65. a5 b4 66. Ka4 Kc6 67. Kxb4 {The rest is truly elementary technique and requires no comments.} Kb7 68. c4 Kc6 69. c5 Kb7 70. Kb5 Ka7 71. Kc6 Kb8 72. Kd7 Kb7 73. c6+ Kb8 74. c7+ Ka7 {Hoping for 75.c8Q $4 with a stalemate, but against serious opponents this is not a probable chance.} 75. Kc6 Ka6 76. c8=Q+ Kxa5 77. Qg4 Ka6 78. Qa4# {Quite an interesting game overall. Black chose an challenging line against White's opening preparation and seemed to have reached equality as a result. However, White kept generating chances into the endgame (even after missing a few good opportunities). In the end, Black's time trouble led to a crucial and subtle error that allowed White to win.} 1-0

[Event "Washington Class (Class B)"]
[Site "Redmond, WA"]
[Date "2024.11.30"]
[Round "3"]
[White "Kuhner, Mary"]
[Black "Rubaiyat, Rhadean"]
[Result "1-0"]
[Annotator "Mary Kuhner"]
[WhiteElo "1710"]
[BlackElo "1583"]
[PlyCount "57"]
[GameId "2133668530180123"]
[EventDate "2024.11.29"]
[EventType "swiss"]
[EventRounds "6"]
[EventCountry "USA"]
[SourceVersionDate "2024.12.14"]

{[%evp 0,57,26,21,43,43,48,5,7,3,13,-14,-8,0,0,0,-3,-11,-11,1,4,0,-6,6,4,-88,-84,-73,-76,-76,-87,-87,-57,-50,-41,-72,-22,-62,-59,-60,-63,-226,-29,-40,70,21,224,257,257,298,1072,29990,29991,29992,29993,29994,29995,29996,29997,29998]} 1. e4 c5 2. Nf3 Nc6 3. c3 Nf6 4. e5 Nd5 5. Bc4 Nb6 6. Bb3 d5 7. d4 ({The engine favors} 7. exd6) 7... cxd4 8. cxd4 Bg4 {The Delayed Alapin is a true chameleon, and this one now looks like a Caro-Kann Advance Variation--an opening I haven't played in around 40 years and don't know.} 9. Be3 e6 10. O-O Be7 11. Nbd2 O-O 12. Re1 $2 {With the plan of Nf1-Ng3 but this fails miserably; I'm now quite a bit worse. The opening has gone very well for Black.} Bb4 $1 {It suddenly becomes apparent that I will have to give up either an important pawn, or the health of my kingside pawn structure.} 13. a3 Bxd2 14. Qxd2 Bxf3 15. gxf3 {What have I got in return for my bad pawns? Well, the g-file and the bishop pair. While I figured I was worse, I also thought I might be able to do something with that.} Nc4 16. Qe2 b5 17. Kh1 Ne7 $6 {The engine says this throws away Black's advantage. I thought it was a natural move, bringing a piece to the kingside for defense. It would like to see ...f5 or ...Qh4 instead. The position is Frenchy enough that I'm not surprised ...f6 and ...f5 keep showing up among the best lines. Black didn't want to undouble my f-pawns, but that's shortly going to be the least of his problems....} 18. Bg5 Qd7 19. Rg1 Nf5 (19... Kh8 {is probably safer}) 20. Bf6 {Pounce!} g6 {My opponent took a long time here and established that this was the best of a set of bad options. Stockfish agrees.} ({After the game my opponent's friends asked why he didn't play} 20... Kh8 {which looks safer. He said something to the effect of, I've been sitting next to her every round, I know how she plays, she'd sacrifice the rook. Indeed I was drooling to do exactly that:} 21. Rxg7 $1 Nxg7 22. Rg1 Rg8 23. Bxc4 dxc4 (23... bxc4 24. Qe3 Qe8 25. Qg5 Qf8 26. h4) 24. Qe3 Qe8 {and now} 25. Qg5 {was my idea} ({Stockfish prefers the more prosaic} 25. Qh6 Qf8 26. Rg4 Rd8 27. Rh4 c3 28. Qxh7#) 25... Qf8 {is forced but now Black has no recourse against h4-h5-h6-hxg7 as his extra rook can roam the board but cannot do anything, touching the h-pawn leads to a snap mate, and none of his other pieces can move.}) 21. Rad1 {Now I had a psychological problem. I kept thinking about the rook sack, which clearly will never happen now; I had trouble tearing myself loose to think about the actual position. I finally resolved that with a position this juicy I'd find a different sack....} h5 $2 {It wasn't good, but after this it's hopeless. Black is not going to be able to defend his over-extended kingside, and his queenside pieces can't help because of the bishop plus pawn chain dividing the board in half.} ({The last chance was to tackle the problem of the Bf6 immediately:} 21... Ng7 22. f4 Ne8 23. Bg5 f6 {and White is only a little better.}) 22. Rg5 Kh7 23. f4 {To give my pieces access to h5. I can't get in on the dark squares so, as Vukovic says in The Art Of Attack, I need to sack something on a light square.} Kh6 {Otherwise I'm already sacking on h5. In fact I still could, but I didn't see that. This will be a theme of the remainder of the game: I am slowly and inexorably preparing the sack, but in fact passed up several tactically difficult chances to play it earlier.} 24. Rd3 Qc6 (24... Nce3 25. Rxe3 Nxe3 26. Qxe3 Rac8 27. f5 Kh7 28. fxg6+ fxg6 29. Rxg6 Rc1+ 30. Kg2 Kxg6 31. Qg5+ Kh7 32. Qxh5+ Kg8 33. Qg6+ Qg7 34. Qxg7# {is a computer line I might not have found, but as I haven't yet given up material, I can just take the knight....}) 25. Rh3 ({Here's another chance:} 25. Rxh5+ gxh5 26. Bd1 Ng7 27. Bxg7+ Kxg7 28. Rg3+ {and mates}) 25... Ng7 26. Bd1 {I love the esthetics of this move: every single White piece is focused on h5 except the dark-squared bishop, and that bishop--which in the previous line was worth a rook, and is about to be worth two rooks--is preventing any helpful Black response to the threatened sacks. Also, I was thwarted in sacrificing one rook and was champing at the bit to sacrifice two. ( In fact the sack was also winning on moves 24 and 25 but harder to calculate, and Black seems unable to free his position so it doesn't hurt to set things up thoroughly. )} Kh7 27. Rgxh5+ ({The computer shows off with} 27. Qxh5+ Nxh5 28. Rhxh5+ gxh5 29. Bc2+ Kh6 30. Bg7# {but one shouldn't play a hard to calculate line when an easier one is at hand....}) 27... gxh5 28. Rxh5+ Kg8 (28... Nxh5 29. Qxh5+ Kg8 30. Qh8#) (28... Kg6 29. Qg4#) 29. Qg4 {The bishop of doom has the last word. My favorite game of the tournament.} 1-0

[Event "Washington Class (Class B)"]
[Site "Redmond, WA"]
[Date "2024.12.01"]
[Round "5"]
[White "Buck, Stephen"]
[Black "Davies, Cedric"]
[Result "0-1"]
[Annotator "Cedric Davies"]
[WhiteElo "1600"]
[BlackElo "1655"]
[PlyCount "120"]
[GameId "2118230061260341"]
[EventDate "2024.11.29"]
[EventType "swiss"]
[EventRounds "6"]
[EventCountry "USA"]
[SourceVersionDate "2024.12.14"]

{[%evp 0,120,18,-11,45,53,45,51,71,61,65,40,55,43,28,29,79,50,75,21,20,37,144,0,18,-16,-16,-1,16,5,65,-27,-16,-61,-6,-46,-47,-58,-24,-34,-34,-38,-20,-20,-29,-28,-26,-51,-44,-44,-55,-55,-43,-41,-30,-34,104,24,24,23,9,2,13,-39,-37,-35,-41,-78,-37,-37,-37,-41,-37,-52,-49,-57,-43,-46,-40,-45,-21,-109,-117,-120,-107,-137,-110,-150,-149,-167,-170,-170,-128,-134,-150,-217,-237,-244,-262,-263,-263,-263,-263,-449,-372,-364,-376,-376,-278,-271,-274,-293,-291,-433,-497,-507,-627,-639,-672,-683,-683,-1459,-1637] My favorite game from the tournament. No big mistakes. Went up a pawn in the early middle game. Got into an ending a pawn up with a better Knight vs Bishop and converted with nice endgame technique.} 1. c4 f5 2. d4 Nf6 3. Nc3 g6 4. g3 Bg7 5. Bg2 O-O 6. Nf3 d6 7. O-O c6 8. Qb3 Qe8 9. d5 Na6 {The Knight is well placed here. A small fight ensues over control of the c5 square} 10. Be3 e5 11. dxe6 Qxe6 ({Computer offers this line as being better} 11... Ng4 12. Bf4 Ne5 13. e7 Rf7) 12. Ng5 {Does not really accomplish anything and will be kicked away soon} Qe7 13. Rad1 {Rxd6 is now a threat} h6 14. Nf3 Be6 15. Qa4 Ng4 {[#] I feel like over the past few moves, my position has improved while his has not. This moves wins the important c5 square.} 16. Bd4 Bxd4 17. Nxd4 {Rxd4 was expected to protect the c4 pawn} Nc5 18. Qc2 Bxc4 19. b3 Bf7 20. e4 {Interesting try to open things up. White is slightly worse due to being a pawn down} fxe4 21. Nxe4 Nxe4 22. Bxe4 Qf6 23. h3 Ne5 24. f4 Nd7 {Black has nothing to fear from the pawn pushes. White risks opening up their own King} 25. f5 g5 26. g4 $17 {[#] White has establish a passed pawn on f5, but it is well blockaded. And the best piece to blockade is the Knight. I aim for a small reshuffling of my pieces to get the Knight to f6.} Qe5 {Threatening Qg3+} 27. Bg2 Nf6 $2 {The one move I wasn't happy with. I played it too quickly. This allows Ne6 possiblities, because of Bxe6 fxe6 Qxe6 Qg6+. I should have played first Rae8 or Kg7 to shore up the position before posting the Knight to f6} 28. Rfe1 (28. Ne6 $142 Bxe6 29. fxe6 Kg7 30. Rfe1 Qa5 $11) 28... Qc5 {Realizing my mistake, I was happy to have this move that practically foces Queens off the board} 29. Qxc5 dxc5 30. Ne6 Bxe6 31. Rxe6 $15 (31. fxe6 $142 Rfe8 32. Rc1 Kg7 33. Rxc5 Rad8 34. b4 a6 35. a4 Rd6 36. Rce5 Re7 $11 {Black still has a small edge in the endgame and will likely pickup the e6 pawn, but it is better for White then the game.}) 31... Rae8 32. Red6 Kg7 {[#] Not only does Black have an extra pawn, but here the Knight is better than the Bishop. The Bishop's influence is significantly reduced by the c6 pawn, and importantly the Knight covers the infiltration square d7. Only Black can play for a win here.} 33. Kf2 Re5 {It helps that Black can now double Rooks, while still protecting the c5 pawn} 34. Bf3 Rfe8 35. R1d2 R8e7 36. Rd8 {Here White offered me a draw. Nope, I came here to play! Let me show you my endgame technique. :)} h5 $1 {Now that I've improved my position and placed all my pieces on their best squares, I start to work on creating a weakness on the Kingside} 37. R8d3 a5 {And now the other side of the board! I threaten a4 now or later, weakinging his Queenside pawns. Here Ne4+ Bxe4 Rxe4 was under serious consideration. But I felt it better to set up the position for weaknesses before going for that type of line.} 38. Rc2 hxg4 {I first create the g4 weakness and then challenge him for control of the d-file. I have an advantage in that I know he doesn't want to trade pieces, and so I can force him to make concessions.} 39. hxg4 Rd7 40. Rdc3 $17 (40. Rxd7+ $142 Nxd7 41. Rd2 $15) 40... Ne4+ 41. Bxe4 Rxe4 {After trading minor pieces, White has a lot of problems due to his weak g4 pawn.} 42. Rg3 $2 $19 {Too passive. The alternative Rxc5 at least keeps the White Rooks active.} (42. Rxc5 $142 Rxg4 43. Rxa5 Kf6 $17) 42... b6 43. Kg2 Kf6 44. a3 Rdd4 45. Kh3 a4 $1 {[#] Now creating a target on the Queenside while the White King and Rook wait passively protecting g4} 46. bxa4 Rxa4 47. Rd2 $2 (47. Rb3 $142 Ke5 48. Rxb6 Rxa3+ 49. Kh2 Kd6 50. Rb8 Rxg4 51. Rd8+ Ke7 52. Rg8 c4 $19) 47... Rad4 {Nope! You can't have the file, it is mine (queue evil laughter). Again White doesn't want to trade, which I use to my benefit to shut down all potential counterplay} 48. Rb2 b5 49. Rc2 c4 50. Rb2 Rd3 51. a4 Ree3 {Note the technique. This is better to keep the King farther away from the Queenside then the alternative Rxg3+ Kxg3 Re3+ Kf2} 52. Rxe3 Rxe3+ 53. Kg2 Rb3 {Again I use the fact that White can't trade to my benefit} 54. Re2 bxa4 55. Re6+ Kf7 56. Rxc6 c3 57. Kf2 a3 58. Ke2 a2 59. Ra6 Rb2+ 60. Kd1 (60. Kd3 c2 61. Kd2 Rb1 62. Kxc2 a1=Q) 60... Rb1+ {I like how I handled the ending in this game. Not rushing. Improving my position before going for breaks. Keeping control of important files and not allowing counterplay.} 0-1